Ramones Albums - Statistics

General Stats
  • This quiz has been taken 45 times
  • The average score is 9 of 14
Answer Stats
Picture Answer % Correct
Ramones
97%
Rocket to Russia
86%
Brain Drain
76%
Leave Home
76%
End of the Century
72%
Animal Boy
69%
Too Tough to Die
66%
Pleasant Dreams
62%
Road to Ruin
62%
Acid Eaters
59%
Mondo Bizarro
59%
Subterranean Jungle
52%
Halfway to Sanity
45%
¡Adios Amigos!
21%
No matching quizzes found
Score Distribution
Percent of People with Each Score
Percentile by Number Answered
Your Score History
You have not taken this quiz